00984nam a22002897a 45000010005000000030009000050050017000140070005000310080047000360200018000830400022001010820018001231000029001412450061001702600033002313000021002644900051002855040033003366500034003698300054004039420012004579450027004699520125004969560021006219560037006429990015006790074DO-SdBNP20180510123947.00074151117b sp 2000 xxu||||| |||| 00| 0 spa d a9788477387152 aBPMSUbspacBPMSU a370.15bF965f10aFullat i Genís, Octavi10aFilosofía de la educación /cOctavi Fullat i Genís aMadrid :bSíntesis ,c2000 a190 p. :c21 cm.10aTHE - Teoría e Historia de la Educaciónv2 aBibliografías : p. 189-190 aFILOSOFÍA DE LA EDUCACIÓN00aTHE (Teoría e Historia de la Educación)n2 2ddccBK aInventariado, 2017/MFF 00102ddc40708CGaBPMETbBPMETd2015-11-17eDonaciónl0o370.15 F965f pBPMSU15110326r2015-11-17w2015-11-17yBK aBrenda Tavárez aValidado. Control de calidad MFF c8762d8762